| 000 | 01292cab a22002055a 4500 | ||
|---|---|---|---|
| 001 | L148445 | ||
| 008 | 090918s2009 xxkd f 000 0 eng d | ||
| 035 | _a(Sirsi) u148445 | ||
| 041 | 0 | _aeng | |
| 100 | 1 | _aBalekjian, Cristina | |
| 245 | 0 | 0 | _aEuropean hotel industry performance in 2008 |
| 260 | _c2009 | ||
| 490 | 0 |
_aJournal of Retail and Leisure Property _v8(3) 2009, 153-158(6) |
|
| 520 | _aAssesses European hotel industry performance in 2008 using data from Hotel Valuation Service's "European Hotel Valuation Index" and "European Hotel Transaction Review". A Europe-wide 10.5% decrease in hotel values and 42 basis points increase in yield was less than expected or predicted by some for 2008. Hotel deals were matched 2007 numbers in the first six months of 2008 but tailed off in the second half of the year. European hotel assets remained globally a major attraction for investors. 2009 is going to be a year of de-leveraging and investing in prime locations, established markets and good-quality products. Tables. References. | ||
| 590 | _aKA | ||
| 651 | 4 | _aEurope | |
| 690 | _aPROPERTY-COMMERCIAL PROPERTY-COMMERCIAL PROPERTY FINANCE AND INVESTMENT | ||
| 690 | _aPROPERTY-COMMERCIAL PROPERTY-LEISURE PROPERTY-HOLIDAY AND GUEST PROPERTY-HOTEL PROPERTY-HOTELS | ||
| 942 | _n0 | ||
| 999 |
_c81839 _d81839 |
||